000 01003nam0a2200301 4500
001 RU\NLR\bibl\1347466
005 20250615172651.0
010 _a978-5-05-007045-6
_950000
021 _aRU
_b2009-6140
_9351
035 _a(NLR Aleph) 001332584
090 _a809863
_c809863
100 _a20090327d2009 |||y0rusy50 ca
101 1 _arus
_ceng
102 _aRU
105 _ay |||||||||
200 1 _aЖенитьба на тигрице
_eроман
_fСара Орвиг
_gпер. с англ. [Е. Романовой]
_gHarlequin
210 _aМосква
_cРадуга
_d2009
215 _a142, [1] с.
_d16
225 1 _aЛюбовный роман
_v1801
225 1 _aАрлекин
225 1 _aВремя, подаренное себе
686 _aШ6(7США)67-440.4{Лх1979-50}
700 1 _4070
_7ca
_8rus
_aОрвиг
_bС.
_gСара
_9206919
_3RU\NLR\AUTH\770206971
801 0 _aRU
_bNLR
_c20090327
_gRCR
801 1 _aRU
_bNLR
_c20090327
942 _cBOOK
980 _aNB